[Event "DEM U12w 2024"]
[Site "Willingen GER"]
[Date "2024.05.22"]
[Round "5"]
[White "Komar, Valerie"]
[Black "Tu, Audrey"]
[Result "1/2-1/2"]
[Termination "normal"]
[Board "1"]
[WhiteElo "1769"]
[BlackElo "1711"]
[WhiteClock "00:55:02"]
[BlackClock "00:46:48"]
[PlyCount "40"]
[WhiteFideId "34139664"]
[BlackFideId "34628568"]
[EventCountry "GER"]
[EventRounds "9"]
[EventType "swiss"]
[EventDate "2024.05.18"]

1. e4 {[%clk 01:30:58]} {[%emt 00:00:01]} e5 {[%clk 01:30:55]} {[%emt
00:00:05]} 2. Nf3 {[%clk 01:31:26]} {[%emt 00:00:03]} Nc6 {[%clk 01:31:20]}
{[%emt 00:00:05]} 3. Bb5 {[%clk 01:31:52]} {[%emt 00:00:04]} a6 {[%clk
01:31:43]} {[%emt 00:00:08]} 4. Ba4 {[%clk 01:32:18]} {[%emt 00:00:03]} d6
{[%clk 01:32:09]} {[%emt 00:00:05]} 5. c4 {[%clk 01:32:45]} {[%emt 00:00:03]}
Bd7 {[%clk 01:29:45]} {[%emt 00:02:54]} 6. Bxc6 {[%clk 01:30:20]} {[%emt
00:02:54]} Bxc6 {[%clk 01:25:07]} {[%emt 00:05:09]} 7. Nc3 {[%clk 01:30:45]}
{[%emt 00:00:04]} Nf6 {[%clk 01:24:16]} {[%emt 00:01:22]} 8. d3 {[%clk
01:31:11]} {[%emt 00:00:04]} Bd7 {[%clk 01:19:00]} {[%emt 00:05:46]} 9. O-O
{[%clk 01:30:02]} {[%emt 00:01:39]} c5 {[%clk 01:17:49]} {[%emt 00:01:41]} 10.
a3 {[%clk 01:23:17]} {[%emt 00:07:16]} g6 {[%clk 01:13:08]} {[%emt 00:05:11]}
11. Bg5 {[%clk 01:21:37]} {[%emt 00:02:09]} Bg7 {[%clk 01:12:20]} {[%emt
00:01:18]} 12. b4 {[%clk 01:09:52]} {[%emt 00:12:14]} b6 {[%clk 01:11:50]}
{[%emt 00:01:00]} 13. Nd5 {[%clk 01:09:14]} {[%emt 00:01:08]} h6 {[%clk
01:11:08]} {[%emt 00:01:12]} 14. Bxf6 {[%clk 01:07:00]} {[%emt 00:02:44]} Bxf6
{[%clk 01:11:26]} {[%emt 00:00:13]} 15. Nd2 {[%clk 01:05:47]} {[%emt 00:01:43]}
Bc6 {[%clk 01:06:40]} {[%emt 00:05:16]} 16. Nxf6+ {[%clk 00:55:58]} {[%emt
00:10:18]} Qxf6 {[%clk 01:06:58]} {[%emt 00:00:13]} 17. Qf3 {[%clk 00:56:21]}
{[%emt 00:00:07]} Qg5 {[%clk 00:59:22]} {[%emt 00:08:05]} 18. Qe3 {[%clk
00:56:03]} {[%emt 00:00:49]} Qxe3 {[%clk 00:51:20]} {[%emt 00:08:32]} 19. fxe3
{[%clk 00:56:29]} {[%emt 00:00:04]} Ke7 {[%clk 00:49:36]} {[%emt 00:02:15]} 20.
Rab1 {[%clk 00:55:02]} {[%emt 00:01:54]} Rab8 {[%clk 00:46:48]} {[%emt
00:03:19]} 1/2-1/2

[Event "DEM U12w 2024"]
[Site "Willingen GER"]
[Date "2024.05.22"]
[Round "5"]
[White "Busch, Lara Sophie"]
[Black "Bohatyrova, Mariia"]
[Result "0-1"]
[Termination "normal"]
[Board "2"]
[WhiteElo "1585"]
[BlackElo "1588"]
[WhiteClock "00:59:45"]
[BlackClock "00:31:36"]
[PlyCount "104"]
[WhiteFideId "34664866"]
[BlackFideId "34165789"]
[EventCountry "GER"]
[EventRounds "9"]
[EventType "swiss"]
[EventDate "2024.05.18"]

1. e4 {[%clk 01:30:58]} {[%emt 18:55:14]} c5 {[%clk 01:30:52]} {[%emt
00:00:08]} 2. Nc3 {[%clk 01:31:21]} {[%emt 00:00:07]} e6 {[%clk 01:30:26]}
{[%emt 00:00:56]} 3. g3 {[%clk 01:31:41]} {[%emt 00:00:09]} Nc6 {[%clk
01:29:57]} {[%emt 00:01:00]} 4. Bg2 {[%clk 01:31:57]} {[%emt 00:00:14]} Nf6
{[%clk 01:29:37]} {[%emt 00:00:50]} 5. d3 {[%clk 01:31:59]} {[%emt 00:00:28]}
Be7 {[%clk 01:24:25]} {[%emt 00:05:41]} 6. f4 {[%clk 01:31:59]} {[%emt
00:00:31]} d5 {[%clk 01:14:03]} {[%emt 00:10:51]} 7. Nh3 {[%clk 01:27:58]}
{[%emt 00:04:32]} d4 {[%clk 01:09:48]} {[%emt 00:04:44]} 8. Ne2 {[%clk
01:27:13]} {[%emt 00:01:15]} Ng4 {[%clk 00:52:45]} {[%emt 00:17:33]} 9. O-O
{[%clk 01:22:00]} {[%emt 00:05:44]} h5 {[%clk 00:48:48]} {[%emt 00:04:26]} 10.
Nf2 {[%clk 01:20:15]} {[%emt 00:02:15]} e5 {[%clk 00:41:33]} {[%emt 00:07:45]}
11. h3 {[%clk 01:11:40]} {[%emt 00:09:04]} Nf6 {[%clk 00:40:09]} {[%emt
00:01:54]} 12. f5 {[%clk 01:07:13]} {[%emt 00:04:59]} a6 {[%clk 00:33:34]}
{[%emt 00:07:05]} 13. a4 {[%clk 01:04:50]} {[%emt 00:02:53]} Rb8 {[%clk
00:32:48]} {[%emt 00:01:16]} 14. c3 {[%clk 01:03:20]} {[%emt 00:02:00]} Bd7
{[%clk 00:29:48]} {[%emt 00:03:30]} 15. Bd2 {[%clk 01:01:40]} {[%emt 00:02:10]}
h4 {[%clk 00:24:53]} {[%emt 00:05:25]} 16. g4 {[%clk 01:00:39]} {[%emt
00:01:32]} Nh7 {[%clk 00:24:51]} {[%emt 00:00:31]} 17. Kh1 {[%clk 00:58:22]}
{[%emt 00:02:47]} Ng5 {[%clk 00:21:24]} {[%emt 00:03:57]} 18. Ng1 {[%clk
00:57:53]} {[%emt 00:00:59]} b6 {[%clk 00:15:38]} {[%emt 00:06:17]} 19. Nf3
{[%clk 00:56:30]} {[%emt 00:01:52]} Nxf3 {[%clk 00:15:47]} {[%emt 00:00:20]}
20. Qxf3 {[%clk 00:55:37]} {[%emt 00:01:22]} Bg5 {[%clk 00:15:01]} {[%emt
00:01:15]} 21. Bxg5 {[%clk 00:54:55]} {[%emt 00:01:13]} Qxg5 {[%clk 00:15:21]}
{[%emt 00:00:10]} 22. Nd1 {[%clk 00:53:45]} {[%emt 00:01:40]} Na5 {[%clk
00:13:07]} {[%emt 00:02:43]} 23. Ra3 {[%clk 00:51:29]} {[%emt 00:02:48]} Nc6
{[%clk 00:11:57]} {[%emt 00:01:40]} 24. Qe2 {[%clk 00:49:31]} {[%emt 00:02:27]}
b5 {[%clk 00:09:42]} {[%emt 00:02:46]} 25. axb5 {[%clk 00:47:50]} {[%emt
00:02:10]} axb5 {[%clk 00:10:03]} {[%emt 00:00:10]} 26. Nf2 {[%clk 00:44:25]}
{[%emt 00:03:55]} O-O {[%clk 00:09:04]} {[%emt 00:01:29]} 27. Rfa1 {[%clk
00:43:23]} {[%emt 00:01:31]} Rb7 {[%clk 00:07:07]} {[%emt 00:02:27]} 28. Ra8
{[%clk 00:41:40]} {[%emt 00:02:12]} Rfb8 {[%clk 00:06:56]} {[%emt 00:00:43]}
29. Nd1 {[%clk 00:40:21]} {[%emt 00:01:47]} b4 {[%clk 00:06:36]} {[%emt
00:00:53]} 30. c4 {[%clk 00:39:27]} {[%emt 00:01:24]} Rxa8 {[%clk 00:05:54]}
{[%emt 00:01:12]} 31. Rxa8+ {[%clk 00:39:49]} {[%emt 00:00:08]} Rb8 {[%clk
00:06:10]} {[%emt 00:00:13]} 32. Rxb8+ {[%emt 00:00:38]} Nxb8 {[%clk 00:06:36]}
{[%emt 00:00:03]} 33. b3 {[%clk 00:39:29]} {[%emt 00:00:43]} Qc1 {[%clk
00:06:24]} {[%emt 00:00:43]} 34. Kh2 {[%clk 00:39:08]} {[%emt 00:00:50]} Qb1
{[%clk 00:05:42]} {[%emt 00:01:12]} 35. Nb2 {[%clk 00:38:50]} {[%emt 00:00:47]}
Qc1 {[%clk 00:04:53]} {[%emt 00:01:19]} 36. Nd1 {[%clk 00:37:55]} {[%emt
00:01:27]} Nc6 {[%clk 00:03:45]} {[%emt 00:01:36]} 37. Nf2 {[%clk 00:34:53]}
{[%emt 00:03:33]} Qa3 {[%clk 00:03:11]} {[%emt 00:01:02]} 38. Qc2 {[%clk
00:34:13]} {[%emt 00:01:11]} Na5 {[%clk 00:03:31]} {[%emt 00:00:08]} 39. g5
{[%clk 00:34:10]} {[%emt 00:00:35]} Qxb3 {[%clk 00:03:24]} {[%emt 00:00:38]}
40. Qxb3 {[%clk 00:33:41]} {[%emt 00:01:00]} Nxb3 {[%clk 00:03:48]} {[%emt
00:00:05]} 41. Ng4 {[%clk 00:33:46]} {[%emt 00:00:24]} Nc1 {[%clk 00:03:23]}
{[%emt 00:00:55]} 42. Nxe5 {[%clk 00:33:58]} {[%emt 00:00:18]} Ba4 {[%clk
00:02:24]} {[%emt 00:01:29]} 43. Bf1 {[%clk 00:32:00]} {[%emt 00:02:28]} Bd1
{[%clk 00:29:59]} {[%emt 00:02:55]} 44. Nd7 {[%clk 01:01:35]} {[%emt 00:00:56]}
b3 {[%clk 00:29:50]} {[%emt 00:00:39]} 45. Nxc5 {[%clk 01:01:52]} {[%emt
00:00:13]} b2 {[%clk 00:30:12]} {[%emt 00:00:08]} 46. e5 {[%clk 00:59:16]}
{[%emt 00:03:05]} b1=Q {[%clk 00:30:31]} {[%emt 00:00:12]} 47. e6 {[%clk
00:59:14]} {[%emt 00:00:32]} Qb8+ {[%clk 00:30:19]} {[%emt 00:00:40]} 48. Kg1
{[%clk 00:59:09]} {[%emt 00:00:37]} Qg3+ {[%clk 00:30:19]} {[%emt 00:00:30]}
49. Bg2 {[%clk 00:59:23]} {[%emt 00:00:16]} Bf3 {[%clk 00:30:34]} {[%emt
00:00:14]} 50. exf7+ {[%clk 00:59:35]} {[%emt 00:00:19]} Kxf7 {[%clk 00:30:54]}
{[%emt 00:00:10]} 51. g6+ {[%clk 00:59:47]} {[%emt 00:00:18]} Ke8 {[%clk
00:31:14]} {[%emt 00:00:09]} 52. Ne4 {[%clk 00:59:45]} {[%emt 00:00:34]} Qxg2#
{[%clk 00:31:36]} {[%emt 00:00:07]} 0-1

[Event "DEM U12w 2024"]
[Site "Willingen GER"]
[Date "2024.05.22"]
[Round "5"]
[White "Kovalskyy, Alicia"]
[Black "Schirmbeck, Lilian"]
[Result "1/2-1/2"]
[Termination "normal"]
[Board "3"]
[BlackTitle "WCM"]
[WhiteElo "1825"]
[BlackElo "1790"]
[WhiteClock "00:21:03"]
[BlackClock "00:18:34"]
[PlyCount "95"]
[WhiteFideId "34612130"]
[BlackFideId "34620532"]
[EventCountry "GER"]
[EventRounds "9"]
[EventType "swiss"]
[EventDate "2024.05.18"]

1. e4 {[%clk 01:30:58]} {[%emt 00:00:03]} c5 {[%clk 01:30:49]} {[%emt
00:00:10]} 2. Nf3 {[%clk 01:31:23]} {[%emt 00:00:05]} Nc6 {[%clk 01:31:14]}
{[%emt 00:00:05]} 3. d4 {[%clk 01:31:49]} {[%emt 00:00:03]} cxd4 {[%clk
01:31:39]} {[%emt 00:00:05]} 4. Nxd4 {[%clk 01:32:14]} {[%emt 00:00:06]} g6
{[%clk 01:32:00]} {[%emt 00:00:10]} 5. Be2 {[%clk 01:32:28]} {[%emt 00:00:14]}
Bg7 {[%clk 01:29:29]} {[%emt 00:03:02]} 6. Nb3 {[%clk 01:32:53]} {[%emt
00:00:05]} Nf6 {[%clk 01:27:53]} {[%emt 00:02:05]} 7. Nc3 {[%clk 01:33:15]}
{[%emt 00:00:08]} O-O {[%clk 01:27:25]} {[%emt 00:00:59]} 8. O-O {[%clk
01:33:38]} {[%emt 00:00:06]} d6 {[%clk 01:25:29]} {[%emt 00:02:27]} 9. Re1
{[%clk 01:31:26]} {[%emt 00:02:42]} Bd7 {[%clk 01:24:11]} {[%emt 00:01:47]} 10.
Bg5 {[%clk 01:30:56]} {[%emt 00:01:00]} Rc8 {[%clk 01:22:18]} {[%emt 00:02:23]}
11. Bf1 {[%clk 01:30:47]} {[%emt 00:00:39]} a5 {[%clk 01:15:03]} {[%emt
00:07:45]} 12. Nd5 {[%clk 01:27:17]} {[%emt 00:03:59]} a4 {[%clk 01:06:55]}
{[%emt 00:08:40]} 13. Nd2 {[%clk 01:18:03]} {[%emt 00:09:43]} a3 {[%clk
00:49:47]} {[%emt 00:17:38]} 14. Bxf6 {[%clk 01:17:27]} {[%emt 00:01:06]} exf6
{[%clk 00:50:06]} {[%emt 00:00:12]} 15. bxa3 {[%clk 01:16:25]} {[%emt
00:01:32]} Ne7 {[%clk 00:44:11]} {[%emt 00:06:24]} 16. Nc4 {[%clk 01:15:41]}
{[%emt 00:01:14]} Nxd5 {[%clk 00:42:30]} {[%emt 00:02:12]} 17. Qxd5 {[%clk
01:15:04]} {[%emt 00:01:07]} Be6 {[%clk 00:42:21]} {[%emt 00:00:39]} 18. Qb5
{[%clk 01:13:28]} {[%emt 00:02:04]} Rc5 {[%clk 00:37:46]} {[%emt 00:05:07]} 19.
Qb4 {[%clk 01:13:20]} {[%emt 00:00:37]} f5 {[%clk 00:34:07]} {[%emt 00:04:10]}
20. exf5 {[%clk 01:06:51]} {[%emt 00:06:58]} Bxc4 {[%clk 00:33:53]} {[%emt
00:00:44]} 21. Be2 {[%emt 00:01:30]} Bd3 22. Bxd3 {[%clk 01:05:50]} Bxa1 {[%clk
00:34:04]} {[%emt 00:00:19]} 23. Bc4 {[%clk 01:00:13]} Rxf5 {[%clk 00:28:55]}
24. Rxa1 {[%clk 00:59:21]} Rc5 {[%clk 00:23:58]} {[%emt 00:06:48]} 25. Rd1
{[%clk 00:57:32]} Qc7 {[%clk 00:23:28]} {[%emt 00:03:19]} 26. Bb3 {[%clk
00:56:51]} b6 {[%emt 00:06:15]} 27. Rd3 b5 {[%clk 00:18:55]} 28. Qf4 {[%clk
00:51:47]} {[%emt 00:05:34]} Re5 {[%clk 00:18:03]} {[%emt 00:01:21]} 29. h3
{[%clk 00:49:57]} {[%emt 00:02:18]} Qc5 {[%clk 00:17:51]} {[%emt 00:00:43]} 30.
Qd2 {[%clk 00:36:35]} {[%emt 00:13:53]} Rfe8 {[%clk 00:15:08]} {[%emt
00:03:13]} 31. Rxd6 {[%clk 00:31:24]} {[%emt 00:05:40]} Re1+ {[%clk 00:14:11]}
{[%emt 00:01:29]} 32. Kh2 {[%clk 00:31:39]} {[%emt 00:00:15]} Qe5+ {[%clk
00:06:03]} {[%emt 00:08:35]} 33. f4 {[%clk 00:31:43]} {[%emt 00:00:28]} Qa1
{[%clk 00:02:42]} {[%emt 00:03:49]} 34. Rd8 {[%clk 00:15:12]} {[%emt 00:17:03]}
Qf6 {[%clk 00:01:32]} {[%emt 00:01:40]} 35. Rxe8+ {[%clk 00:14:15]} {[%emt
00:01:27]} Rxe8 {[%clk 00:01:55]} {[%emt 00:00:08]} 36. a4 {[%clk 00:12:38]}
{[%emt 00:02:07]} bxa4 {[%clk 00:01:25]} {[%emt 00:01:00]} 37. Bxa4 {[%clk
00:12:31]} {[%emt 00:00:36]} Ra8 {[%clk 00:01:33]} {[%emt 00:00:20]} 38. Bb3
{[%clk 00:12:13]} {[%emt 00:00:50]} Rd8 {[%clk 00:01:54]} {[%emt 00:00:09]} 39.
Qe3 {[%clk 00:11:35]} {[%emt 00:01:06]} Kg7 {[%clk 00:02:06]} {[%emt 00:00:19]}
40. Kg3 {[%clk 00:10:34]} {[%emt 00:01:28]} h5 {[%clk 00:02:05]} {[%emt
00:00:34]} 41. Qe5 {[%clk 00:07:55]} {[%emt 00:03:09]} h4+ {[%clk 00:02:08]}
{[%emt 00:00:27]} 42. Kg4 {[%clk 00:07:25]} {[%emt 00:01:00]} Qxe5 {[%clk
00:02:26]} {[%emt 00:00:14]} 43. fxe5 {[%clk 00:07:51]} {[%emt 00:00:02]} Rd2
{[%clk 00:27:25]} {[%emt 00:05:31]} 44. Kf3 {[%clk 00:25:37]} {[%emt 00:12:45]}
Kf8 {[%clk 00:18:33]} {[%emt 00:09:20]} 45. Ba4 {[%clk 00:20:00]} {[%emt
00:06:10]} Ke7 {[%clk 00:18:02]} {[%emt 00:01:00]} 46. Bb3 {[%clk 00:20:18]}
{[%emt 00:00:12]} Kf8 {[%clk 00:18:09]} {[%emt 00:00:21]} 47. Ba4 {[%clk
00:20:37]} {[%emt 00:00:14]} Ke7 {[%clk 00:18:34]} {[%emt 00:00:06]} 48. Bb3
{[%clk 00:21:03]} {[%emt 00:00:03]} 1/2-1/2

[Event "DEM U12w 2024"]
[Site "Willingen GER"]
[Date "2024.05.22"]
[Round "5"]
[White "Krannich, Eva"]
[Black "Chen, Yueyi"]
[Result "0-1"]
[Termination "normal"]
[Board "4"]
[WhiteElo "1176"]
[BlackElo "1795"]
[WhiteClock "00:40:01"]
[BlackClock "00:28:19"]
[PlyCount "120"]
[WhiteFideId "34639713"]
[BlackFideId "34653902"]
[EventCountry "GER"]
[EventRounds "9"]
[EventType "swiss"]
[EventDate "2024.05.18"]

1. f4 {[%clk 01:30:59]} {[%emt 00:00:01]} d5 {[%clk 01:30:34]} {[%emt
00:00:26]} 2. Nf3 {[%clk 01:31:07]} {[%emt 00:00:21]} c5 {[%clk 01:29:28]}
{[%emt 00:01:37]} 3. e3 {[%clk 01:31:08]} {[%emt 00:00:29]} Nf6 {[%clk
01:29:06]} {[%emt 00:00:52]} 4. d4 {[%clk 01:31:00]} {[%emt 00:00:38]} c4
{[%clk 01:27:51]} {[%emt 00:01:45]} 5. c3 {[%clk 01:30:56]} {[%emt 00:00:34]}
Bf5 {[%clk 01:26:18]} {[%emt 00:02:03]} 6. Be2 {[%clk 01:30:09]} {[%emt
00:01:17]} e6 {[%clk 01:25:13]} {[%emt 00:01:36]} 7. O-O {[%clk 01:29:08]}
{[%emt 00:01:31]} Nc6 {[%clk 01:23:11]} {[%emt 00:02:31]} 8. Ne5 {[%clk
01:28:22]} {[%emt 00:01:17]} Nxe5 {[%clk 01:19:32]} {[%emt 00:04:08]} 9. fxe5
{[%clk 01:28:41]} {[%emt 00:00:11]} Ne4 {[%clk 01:19:25]} {[%emt 00:00:37]} 10.
Nd2 {[%clk 01:28:44]} {[%emt 00:00:27]} b5 {[%clk 01:17:43]} {[%emt 00:02:12]}
11. g4 {[%clk 01:23:00]} {[%emt 00:06:14]} Bg6 {[%clk 01:17:19]} {[%emt
00:00:54]} 12. Qe1 {[%clk 01:20:08]} {[%emt 00:03:22]} Nxd2 {[%clk 01:14:38]}
{[%emt 00:03:11]} 13. Bxd2 {[%clk 01:20:27]} {[%emt 00:00:11]} Be7 {[%clk
01:14:15]} {[%emt 00:00:52]} 14. Qf2 {[%clk 01:17:56]} {[%emt 00:03:02]} Bh4
{[%clk 01:11:26]} {[%emt 00:03:18]} 15. Qf3 {[%clk 01:17:36]} {[%emt 00:00:50]}
Qe7 {[%clk 01:05:55]} {[%emt 00:06:02]} 16. Be1 {[%clk 01:16:48]} {[%emt
00:01:19]} Be4 {[%clk 01:03:20]} {[%emt 00:03:05]} 17. Bxh4 {[%clk 01:16:48]}
{[%emt 00:00:30]} Bxf3 {[%clk 01:03:36]} {[%emt 00:00:13]} 18. Bxe7 {[%clk
01:17:12]} {[%emt 00:00:06]} Bxe2 {[%clk 01:03:58]} {[%emt 00:00:08]} 19. Rf2
{[%clk 01:17:08]} {[%emt 00:00:35]} Bxg4 {[%clk 01:04:05]} {[%emt 00:00:24]}
20. Bd6 {[%clk 01:17:28]} {[%emt 00:00:11]} Bf5 {[%clk 01:03:33]} {[%emt
00:01:00]} 21. Rg2 {[%clk 01:15:30]} {[%emt 00:02:29]} Bg6 {[%clk 01:03:32]}
{[%emt 00:00:30]} 22. Rf1 {[%clk 01:14:37]} {[%emt 00:01:23]} a5 {[%clk
01:03:37]} {[%emt 00:00:25]} 23. a3 {[%clk 01:14:36]} {[%emt 00:00:32]} Kd7
{[%clk 01:02:02]} {[%emt 00:02:04]} 24. h4 {[%clk 01:10:58]} {[%emt 00:04:08]}
h5 {[%clk 01:01:16]} {[%emt 00:01:15]} 25. Kh2 {[%clk 01:04:56]} {[%emt
00:06:32]} Ra6 {[%clk 00:59:18]} {[%emt 00:02:28]} 26. Rg5 {[%clk 01:00:06]}
{[%emt 00:05:21]} Rb6 {[%clk 00:55:41]} {[%emt 00:04:07]} 27. Rg2 {[%clk
00:58:27]} {[%emt 00:02:08]} Rxd6 {[%clk 00:44:35]} {[%emt 00:11:36]} 28. exd6
{[%clk 00:58:12]} {[%emt 00:00:46]} Kxd6 {[%clk 00:44:55]} {[%emt 00:00:09]}
29. Ra1 {[%clk 00:54:42]} {[%emt 00:04:01]} Ra8 {[%clk 00:43:16]} {[%emt
00:02:09]} 30. Kg1 {[%clk 00:51:34]} {[%emt 00:03:38]} Be4 {[%clk 00:40:56]}
{[%emt 00:02:50]} 31. Rf2 {[%clk 00:48:41]} {[%emt 00:03:23]} f6 {[%clk
00:39:12]} {[%emt 00:02:12]} 32. Kh2 {[%clk 00:48:25]} {[%emt 00:00:47]} Ke7
{[%clk 00:36:42]} {[%emt 00:03:00]} 33. Kg3 {[%clk 00:44:18]} {[%emt 00:04:37]}
g5 {[%clk 00:35:56]} {[%emt 00:01:16]} 34. hxg5 {[%clk 00:44:13]} {[%emt
00:00:35]} fxg5 {[%clk 00:36:17]} {[%emt 00:00:10]} 35. Raf1 {[%clk 00:43:22]}
{[%emt 00:01:21]} Rg8 {[%clk 00:32:31]} {[%emt 00:04:17]} 36. Rf7+ {[%clk
00:40:14]} {[%emt 00:03:38]} Kd6 {[%clk 00:27:46]} {[%emt 00:05:14]} 37. Ra7
{[%clk 00:40:30]} {[%emt 00:00:14]} h4+ {[%clk 00:27:37]} {[%emt 00:00:39]} 38.
Kh2 {[%clk 00:40:14]} {[%emt 00:00:45]} Bf5 {[%clk 00:26:37]} {[%emt 00:01:30]}
39. Ra6+ {[%clk 00:39:42]} {[%emt 00:01:03]} Kd7 {[%clk 00:26:01]} {[%emt
00:01:06]} 40. Ra7+ {[%clk 00:38:50]} {[%emt 00:01:23]} Kc6 {[%clk 00:26:11]}
{[%emt 00:00:19]} 41. Rf7 {[%clk 00:39:07]} {[%emt 00:00:12]} g4 {[%clk
00:26:10]} {[%emt 00:00:32]} 42. Rf6 {[%clk 00:39:22]} {[%emt 00:00:15]} g3+
{[%clk 00:25:51]} {[%emt 00:00:49]} 43. Kg1 {[%clk 00:39:23]} {[%emt 00:00:30]}
Kd7 {[%clk 00:25:25]} {[%emt 00:00:55]} 44. Rf7+ {[%clk 00:39:12]} {[%emt
00:00:40]} Kc8 {[%clk 00:24:19]} {[%emt 00:01:36]} 45. Ra7 {[%clk 00:38:27]}
{[%emt 00:01:15]} Kb8 {[%clk 00:24:37]} {[%emt 00:00:12]} 46. Rxa5 {[%clk
00:38:54]} {[%emt 00:00:03]} h3 {[%clk 00:24:55]} {[%emt 00:00:11]} 47. Rxb5+
{[%clk 00:39:20]} {[%emt 00:00:04]} Kc7 {[%clk 00:25:05]} {[%emt 00:00:20]} 48.
Rc5+ {[%clk 00:38:56]} {[%emt 00:00:54]} Kd6 {[%clk 00:25:10]} {[%emt
00:00:24]} 49. Ra5 {[%clk 00:38:10]} {[%emt 00:01:17]} h2+ {[%clk 00:25:30]}
{[%emt 00:00:10]} 50. Kg2 {[%clk 00:38:32]} {[%emt 00:00:09]} Be4+ {[%clk
00:25:49]} {[%emt 00:00:10]} 51. Kh3 {[%clk 00:38:56]} {[%emt 00:00:07]} h1=Q+
{[%clk 00:25:51]} {[%emt 00:00:28]} 52. Rxh1 {[%clk 00:39:20]} {[%emt
00:00:05]} Bxh1 {[%clk 00:26:10]} {[%emt 00:00:11]} 53. Ra6+ {[%clk 00:39:48]}
{[%emt 00:00:03]} Ke7 {[%clk 00:26:25]} {[%emt 00:00:14]} 54. Ra7+ {[%clk
00:39:56]} {[%emt 00:00:22]} Kf6 {[%clk 00:26:49]} {[%emt 00:00:05]} 55. Rh7
{[%clk 00:40:16]} {[%emt 00:00:10]} g2 {[%clk 00:27:12]} {[%emt 00:00:08]} 56.
Rh6+ {[%clk 00:40:37]} {[%emt 00:00:09]} Kg5 {[%clk 00:27:22]} {[%emt
00:00:19]} 57. Rxe6 {[%clk 00:41:00]} {[%emt 00:00:07]} g1=Q {[%clk 00:27:41]}
{[%emt 00:00:12]} 58. Re5+ {[%clk 00:41:13]} {[%emt 00:00:17]} Kf6 {[%clk
00:28:06]} {[%emt 00:00:05]} 59. Rf5+ {[%clk 00:41:18]} {[%emt 00:00:25]} Kxf5
{[%clk 00:28:30]} {[%emt 00:00:07]} 60. Kh4 {[%clk 00:40:01]} {[%emt 00:01:47]}
Qg4+ {[%clk 00:28:19]} {[%emt 00:00:05]} 0-1